[Event "JUG-Cup"]
[Site "Svetozarevo"]
[Date "1990.??.??"]
[Round "?"]
[White "Certic, Branimir"]
[Black "Djukic, Zeljko"]
[Result "1/2-1/2"]
[WhiteElo "2295"]
[BlackElo "2410"]

1.d4 d5 2.c4 dxc4 3.Nf3 a6 4.e3 e6 5.Bxc4 Nf6 6.O-O c5 7.dxc5 Qxd1 8.Rxd1 Bxc5
9.Nbd2 O-O 10.Nb3 Be7 11.Bd2 Nc6 12.Na5 Nxa5 13.Bxa5 b5 14.Be2 Bb7 15.Ne5 Bd5
16.f3 Bc5 17.Bd2 Rfc8 18.Nd3 Bb6 19.Kf1 Bc4 20.b3 Bxd3 21.Bxd3 Nd5 22.Be4 f5
23.Bxd5 exd5 24.Ke2 d4 25.exd4 Bxd4 26.Rac1 Re8+ 27.Kf1 Re6 28.Bf4 Bf6 29.Rd6 Rae8
30.Rxe6 Rxe6 31.Rc5 g6  1/2-1/2

[Event "Toulouse op"]
[Site "Toulouse"]
[Date "1990.??.??"]
[Round "6"]
[White "Bogdanovski, Vlatko"]
[Black "Kolev, Atanas"]
[Result "1/2-1/2"]
[WhiteElo "2410"]
[BlackElo "2425"]

1.d4 d5 2.c4 dxc4 3.Nf3 a6 4.e3 Nf6 5.Bxc4 e6 6.O-O c5 7.a4 Nc6 8.Qe2 Qc7
9.Nc3 Be7 10.Rd1 O-O 11.h3 Rd8 12.Ba2 b6 13.d5 exd5 14.Nxd5 Nxd5 15.Bxd5 Bb7
16.e4 Rd7 17.b3 Bf6 18.Bb2 Bxb2 19.Qxb2 Rad8 20.Rac1 h6 21.Qe2 Nb4 22.Bxb7 Qxb7
23.Rxd7 Qxd7 24.Ne5 Qe6 25.Nc4 Rd4 26.e5 b5 27.axb5 axb5 28.Ne3 Nd3 29.Rc3 Qd7
30.Qh5 Rf4 31.Qd1 Rd4 32.Nc2 Nxf2 33.Qf3 Ne4 34.Nxd4 Nxc3 35.Nf5 Qd1+ 36.Qxd1 Nxd1
37.Nd6 Nc3 38.Kf2 Kf8 39.Nb7 c4 40.bxc4 bxc4 41.Nd6 Nd1+ 42.Ke2 Nb2 43.Kd2 Ke7
44.Kc3 Nd1+ 45.Kd2 Nb2 46.Kc3 Nd3 47.Nxc4 Nf4 48.Ne3 Ke6 49.Kd4 Ng6 50.Ke4 Nxe5
51.Nf5 g6 52.Nxh6 Nc4 53.g4 Nb6 54.h4 Nd5 55.h5  1/2-1/2

[Event "Aarhus op"]
[Site "Aarhus"]
[Date "1991.??.??"]
[Round "2"]
[White "Burgess, Graham"]
[Black "Christensen, Tobias"]
[Result "1-0"]
[WhiteElo "2300"]
[BlackElo "2300"]

1.d4 d5 2.c4 dxc4 3.Nf3 c5 4.d5 Nf6 5.Nc3 e6 6.e4 exd5 7.e5 Nfd7 8.Bg5 Be7
9.Bxe7 Qxe7 10.Nxd5 Qd8 11.Bxc4 Nc6 12.Qa4 O-O 13.O-O-O Nd4 14.Rhe1 Nb6 15.Nxb6 Qxb6
16.Nxd4 cxd4 17.Qb3 Qc6 18.Rxd4 Be6 19.Kb1 Qxg2 20.Qg3 Qxg3 21.hxg3 Rad8
22.Red1 Bf5+ 23.Kc1 Rc8 24.Kd2 g5 25.Ke3 h6 26.f4 Kg7 27.Bd3 Bg4 28.Rd2 Rfe8
29.Bb5 Re7 30.Bd7 Bxd7 31.Rxd7 Kf8 32.R7d6 Kg7 33.Ke4 Rc1 34.Kf5 Rg1 35.Rh2 Rxg3
36.Rdxh6 gxf4 37.Rh8  1-0

[Event "Andorra op"]
[Site "Andorra"]
[Date "1991.??.??"]
[Round "?"]
[White "Moskalenko, Viktor"]
[Black "Sadler, Matthew"]
[Result "0-1"]
[WhiteElo "2525"]
[BlackElo "2440"]

1.d4 d5 2.c4 dxc4 3.Nf3 a6 4.e3 Nf6 5.Bxc4 e6 6.O-O c5 7.Bd3 Nbd7 8.Qe2 Be7
9.Rd1 cxd4 10.exd4 b5 11.Nc3 Bb7 12.a4 b4 13.Ne4 Nxe4 14.Bxe4 Bxe4 15.Qxe4 O-O
16.Bd2 Qb8 17.Bf4 Nf6 18.Bxb8 Nxe4 19.Bc7 Rfc8 20.Rac1 Nc5 21.dxc5 Rxc7 22.c6 Rac8
23.Nd4 g6 24.f4 a5 25.Rd2 Bf6 26.Nb3 Rxc6 27.Rxc6 Rxc6 28.Kf2 g5 29.g3 Kf8
30.Kf3 gxf4 31.gxf4 Ke8 32.Ke4 Rc4+ 33.Kf3 Bd8 34.Rd4 Rxd4 35.Nxd4 Kd7 36.b3 Bb6
37.Ne2 f5 38.Ng3 Kd6 39.Nh5 Kd5 40.Nf6+ Kd4 41.Nxh7 Kc3 42.h4 Kxb3 43.h5 Kc2
44.h6 b3 45.Ng5 b2  0-1

[Event "Andorra op"]
[Site "Andorra"]
[Date "1991.??.??"]
[Round "?"]
[White "Moskalenko, Viktor"]
[Black "Garcia Palermo, Carlos"]
[Result "1-0"]
[WhiteElo "2525"]
[BlackElo "2455"]

1.d4 d5 2.c4 dxc4 3.Nf3 a6 4.e3 e6 5.Bxc4 c5 6.a4 Nf6 7.O-O Nc6 8.Qe2 cxd4
9.Rd1 Be7 10.exd4 Nd5 11.Nc3 O-O 12.Qe4 Ncb4 13.Ne5 Qd6 14.Bb3 Bd7 15.Qf3 Bc6
16.Qg3 f5 17.Bf4 Nxf4 18.Qxf4 Bd5 19.Nxd5 Nxd5 20.Qf3 Rad8 21.Re1 Bf6 22.Nc4 Qd7
23.Rad1 Rfe8 24.g3 g6 25.Ne5 Qd6 26.h4 Kg7 27.Kg2 Qb4 28.Re2 Re7 29.Qd3 Rc7
30.Nf3 Nc3 31.bxc3 Rxc3 32.Qd2 Rxb3 33.Qf4 Qc4 34.Rde1 Qd5 35.Rxe6 Rd7 36.R6e3 Rb4
37.Kh3 Rxa4 38.h5 Qd6 39.h6+ Kf7 40.Ne5+ Bxe5 41.Rxe5 Rxd4 42.Qe3 Rd3 43.Qe2 Rd5
44.Re8 Rd8 45.Re7+ Kf8 46.Rxh7 f4 47.Rh8+ Kf7 48.Rxd8 Qxd8 49.Qe6+ Kf8 50.Qxg6 Rg5
51.Qe6 Rh5+ 52.Kg2 Qd5+ 53.Qxd5 Rxd5 54.g4 Rd8 55.Rh1 Kg8 56.g5  1-0

[Event "Andorra op"]
[Site "Andorra"]
[Date "1991.??.??"]
[Round "?"]
[White "Garcia Palermo, Carlos"]
[Black "Matveeva, Svetlana"]
[Result "1-0"]
[WhiteElo "2455"]
[BlackElo "2325"]

1.d4 d5 2.c4 dxc4 3.Nf3 a6 4.e3 Nf6 5.Bxc4 e6 6.O-O c5 7.Bd3 Nc6 8.Nc3 Be7
9.a3 cxd4 10.exd4 O-O 11.Bc2 Qd6 12.Bg5 Rd8 13.Bxf6 Bxf6 14.Ne4 Qe7 15.Nxf6+ Qxf6
16.Qd3 g6 17.Rfd1 Bd7 18.Qe3 Be8 19.Be4 Rd6 20.Rac1 Rad8 21.Bxc6 Rxc6 22.Ne5 Rxc1
23.Rxc1 Qe7 24.Qf4 Qd6 25.Qf6 h6 26.h4 Rb8 27.d5 Qd8 28.Qxd8 Rxd8 29.dxe6 f6
30.e7 Rd5 31.Nxg6 Bxg6 32.Rc8+ Kg7 33.e8=Q Bxe8 34.Rxe8 Kg6 35.Re6 Rb5 36.b4 Kf5
37.Re3 a5 38.bxa5 Rxa5 39.Rb3 Ra4 40.g3 Ra5 41.Kg2 Ra4 42.Kf3 Ra5 43.Ke3 Kg4
44.Rb4+ Kh3 45.a4 Kg2 46.Rf4 f5 47.Rb4 b6 48.Kf4 Kxf2 49.Rb2+ Kg1 50.Rxb6 Kh2
51.Rb2+ Kh3 52.Ra2 Rc5 53.a5 Rc4+ 54.Kxf5 Kxg3 55.a6  1-0

[Event "URS-chT"]
[Site "Azov"]
[Date "1991.??.??"]
[Round "?"]
[White "Ikonnikov, Vyacheslav"]
[Black "Maljutin, Evgeni"]
[Result "1-0"]
[WhiteElo "2480"]
[BlackElo "2435"]

1.d4 d5 2.Nf3 c5 3.c4 dxc4 4.d5 e6 5.Nc3 exd5 6.Qxd5 Qxd5 7.Nxd5 Na6 8.e4 Ne7
9.Bf4 Nxd5 10.exd5 b5 11.a4 Nb4 12.axb5 Nc2+ 13.Kd2 Nxa1 14.Bxc4 Nb3+ 15.Bxb3 c4
16.Bxc4 Bb4+ 17.Kc2 Bg4 18.Kb3 Bxf3 19.Kxb4 Bxg2 20.Rg1 Bh3 21.Rxg7 Bf5 22.Rg5 Bg6
23.d6 Kd7 24.Bd5 Rag8 25.Bc6+ Ke6 26.Re5+ Kf6 27.Re7 Kf5 28.Be5 f6 29.Bd7+ Kg5
30.f4+  1-0

[Event "URS-chT"]
[Site "Azov"]
[Date "1991.??.??"]
[Round "?"]
[White "Sideif Sade, Fikret I"]
[Black "Maljutin, Evgeni"]
[Result "1/2-1/2"]
[WhiteElo "2420"]
[BlackElo "2435"]

1.d4 d5 2.c4 dxc4 3.Nf3 c5 4.d5 e6 5.Nc3 exd5 6.Qxd5 Qxd5 7.Nxd5 Na6 8.e4 Ne7
9.Bxc4 Nxd5 10.Bxd5 Nb4 11.O-O Nxd5 12.exd5 f6 13.Re1+ Kf7 14.Bf4 Bg4 15.Bc7 Be7
16.Rac1 b6 17.b4 cxb4 18.d6 Bd8 19.Nd4 Re8 20.Nc6 Bxc7 21.dxc7 a5 22.f3 Rxe1+
23.Rxe1 Bc8 24.Rd1 b5 25.Rd8 b3 26.axb3 a4 27.bxa4 bxa4 28.Nb4 a3 29.Na2 h5
30.Kf2 h4 31.Ke3 Ke7 32.Kd2 Kf7 33.g4 hxg3 34.hxg3 g5 35.Kc3 Ke7 36.Kb4 Ke6
37.Kc5 Ke7 38.Kd4 Ke6 39.Kc3 Ke7 40.Kb4 Ke6 41.Kc5 Ra5+ 42.Kd4 Bd7 43.c8=Q Bxc8
44.Rxc8 Rd5+ 45.Ke3 Re5+ 46.Kd3 Rd5+ 47.Kc2 Rb5 48.Nc3 Rb2+ 49.Kd3 Rf2 50.Rc6+ Ke5
51.Rc5+ Ke6 52.Ke3 Rc2 53.Kd4 Rd2+ 54.Ke4 Rc2 55.Kd3 Rf2 56.Ke3 Rc2 57.Kd4 Rd2+
58.Ke3 Rc2  1/2-1/2

[Event "Bad Lauterberg"]
[Site "Bad Lauterberg"]
[Date "1991.??.??"]
[Round "?"]
[White "Knaak, Rainer"]
[Black "Soffer, Ram"]
[Result "1-0"]
[WhiteElo "2535"]
[BlackElo "2450"]

1.d4 d5 2.c4 dxc4 3.Nf3 c5 4.Nc3 cxd4 5.Qxd4 Qxd4 6.Nxd4 Bd7 7.e4 e5 8.Ndb5 Na6
9.Bxc4 Rc8 10.Be2 Nb4 11.Nxa7 Nc2+ 12.Kd2 Nxa1 13.Nxc8 Bxc8 14.Bd3 Bc5 15.Ke2 Ne7
16.Be3 Nb3 17.axb3 Bxe3 18.Kxe3 Nc6 19.Bc4 Ke7 20.Nd5+ Kd6 21.Rd1 Nd4 22.Nb4 Ke7
23.f4 f6 24.fxe5 fxe5 25.Nd3 Rd8 26.Rf1 Be6 27.Bxe6 Kxe6 28.Nc5+ Ke7 29.Nxb7 Nc2+
30.Ke2 Nd4+ 31.Kd3 Rc8 32.Rf7+ Kxf7 33.Nd6+ Ke6 34.Nxc8 Nxb3 35.Nb6 Nc5+
36.Ke3 Nb3 37.Nc4 g5 38.Nd2 Nc5 39.b3 h5 40.h3 Na6 41.Kd3 Kd6 42.Kc4 Nc5
43.b4 Ne6 44.Nf1 Nf4 45.Ne3 Kc6 46.b5+ Kd6 47.Kb4 Nd3+ 48.Ka5 Kc5 49.b6 Kc6
50.Ka6 Nc5+ 51.Ka7 Nb7 52.Nc4 Nd8 53.Nxe5+ Kc5 54.g3 Kd4 55.Nf3+ Kxe4 56.Nxg5+ Ke3
57.Kb8 Nc6+ 58.Kc7 Na5 59.Ne6 Kf3 60.Nd4+ Kxg3 61.Nc6 Nb3 62.Kd6  1-0

[Event "JUG-ch"]
[Site "Banja Vrucica"]
[Date "1991.??.??"]
[Round "?"]
[White "Basagic, Zlatko"]
[Black "Drasko, Milan"]
[Result "0-1"]
[WhiteElo "2370"]
[BlackElo "2500"]

1.d4 d5 2.c4 dxc4 3.Nf3 a6 4.e3 Nf6 5.Bxc4 e6 6.O-O c5 7.Qe2 b5 8.Bb3 Bb7
9.a4 Nbd7 10.Bc2 bxa4 11.Bxa4 cxd4 12.Nxd4 Bd6 13.Nd2 Qc7 14.h3 O-O 15.Nc4 Bb4
16.Bd2 Bxd2 17.Nxd2 Rfc8 18.Rfc1 Qxc1+ 19.Rxc1 Rxc1+ 20.Kh2 Rac8 21.N4b3 R1c2
22.Bxd7 Nxd7 23.Qd3 Ne5 24.Qd6 Ng6 25.Qb4 Bd5 26.Nd4 a5 27.Qxa5 Rxb2 28.e4 Bb7
29.Kg3 h5 30.h4 e5 31.N4f3 f6 32.Qa3 Rb6 33.Qa2+ Kh7 34.Qf7 Ba6 35.Qd7 Rc3
36.Kh2 Bc8 37.Qd8 Rb2 38.Qa5 Rd3 39.Nc4 Rxf2 40.Ne1 Rd1 41.Ne3 Rd4 42.N1c2 Rdd2
43.Qc7 Be6 44.Qb6 Rxc2 45.Nxc2 Rxc2 46.Qxe6 Rxg2+ 47.Kh1 Rg4 48.Qf5 Rxh4+
49.Kg2 Rg4+ 50.Kh2 Kh6 51.Qf3 Nf4 52.Qb3 Rg2+ 53.Kh1 Re2 54.Qb7 g6  0-1

[Event "Pan American"]
[Site "Bariloche"]
[Date "1991.??.??"]
[Round "12"]
[White "Minero Pineda, Sergio"]
[Black "Estrada Nieto, Julian"]
[Result "1-0"]
[WhiteElo "2360"]
[BlackElo "2260"]

1.d4 d5 2.c4 dxc4 3.Nf3 c5 4.e3 Nf6 5.Bxc4 e6 6.O-O a6 7.a4 Nc6 8.Nc3 Qc7
9.dxc5 Bxc5 10.b3 O-O 11.Bb2 b6 12.Qb1 Bb7 13.Ne2 Ng4 14.Nf4 Nce5 15.Ng5 Ng6
16.Bxg7 Be7 17.Bxf8 Bxg5 18.Qd1 Bxf4 19.Qxg4 Bxh2+ 20.Kh1 Be5 21.Bh6 Bxa1
22.Rxa1 Rd8 23.Rd1 Rd6 24.Rd4 Qc5 25.Rxd6 Qxd6 26.Qg5 Qe7 27.Qxe7 Nxe7 28.Bg5 Nc8
29.Bd3 f5 30.Kh2 Kf7 31.Kh3 Nd6 32.f3 e5 33.Bd8 e4 34.Be2 Nc8 35.fxe4 fxe4
36.Kg4 Kg6 37.Kf4 Kf7 38.Bg4 Ne7 39.Bxe7 Kxe7 40.Ke5 Bc6 41.Bf5 h6 42.Bxe4 Be8
43.Bd3 a5 44.Bc4 Bc6 45.e4 Bb7 46.Kf5 Bc6 47.g3 Be8 48.e5 Bh5 49.Ke4 Be8
50.Kd5 Bd7 51.e6 Be8 52.Bb5 Bg6 53.Kc6  1-0

[Event "Beersheba-B"]
[Site "Beersheba"]
[Date "1991.??.??"]
[Round "?"]
[White "Halasz, Tamas"]
[Black "Ater, Itai"]
[Result "1/2-1/2"]
[WhiteElo "2410"]
[BlackElo "2200"]

1.d4 d5 2.c4 dxc4 3.Nf3 c5 4.d5 e6 5.Nc3 exd5 6.Qxd5 Qxd5 7.Nxd5 Bd6 8.Nd2 Nc6
9.Nxc4 Bb8 10.g3 Nd4 11.Nce3 Bd7 12.Bg2 Bc6 13.Bd2 Ne7 14.Rc1 Bd6 15.Nc4 Nxd5
16.Nxd6+ Ke7 17.Ne4 Nf6 18.Bg5 Bxe4 19.Bxe4 Ne6 20.Bxf6+ Kxf6 21.e3 Rhd8
22.Ke2 Rd7 23.f4 Re8 24.Kf3 Red8 25.Rc2 b6 26.b3 h5 27.Rhc1 g5 28.Rb2 Rd2
29.Rxd2 Rxd2 30.h3 Rxa2 31.Bc2 Rb2 32.Ke4 gxf4 33.gxf4 Nc7 34.h4 Na6 35.Bd1 Nb4
36.Rc3 Rh2 37.Kf3 Rh1 38.Be2 Kg6 39.Kg2 Re1 40.Kf2 Rh1 41.Kg2 Ra1 42.e4 Ra2
43.Kf1 Nc6 44.Rg3+ Kf6 45.Rg5 Nd4 46.Bc4 Ra1+ 47.Kg2 Ra2+ 48.Kg3 Ne2+ 49.Kf3 Nd4+
50.Kg3 Ne2+  1/2-1/2

[Event "Beersheba-B"]
[Site "Beersheba"]
[Date "1991.??.??"]
[Round "?"]
[White "Zilberman, Yaacov"]
[Black "Ater, Itai"]
[Result "1-0"]
[WhiteElo "2425"]
[BlackElo "2200"]

1.d4 d5 2.c4 dxc4 3.Nf3 c5 4.e3 Nf6 5.Bxc4 e6 6.O-O a6 7.a4 Nc6 8.Qe2 Qc7
9.Nc3 Bd6 10.Rd1 O-O 11.h3 b6 12.d5 Ne5 13.Nxe5 Bxe5 14.dxe6 Bxe6 15.Bxa6 Bb3
16.Re1 Bxc3 17.bxc3 c4 18.Bb5 Ne4 19.Bb2 Rfd8 20.Qg4 Qb7 21.f3 Nf6 22.Qh4 Qc7
23.e4 Qe5 24.Bc1 Qxc3 25.Be3 Nd7 26.Qe7 Qe5 27.Qxe5 Nxe5 28.Bxb6 Rdc8 29.Rec1 Nd3
30.Rcb1 Bc2 31.Rf1 c3 32.a5 Nb4 33.Be3 Bd3 34.Bxd3 Nxd3 35.Ra3 Nb4 36.Rc1 c2
37.Kf1 Rc4 38.Bd2 Rd8 39.Ke2 Na6 40.Rc3 Rc5 41.R3xc2  1-0

[Event "Belgorod"]
[Site "Belgorod"]
[Date "1991.??.??"]
[Round "?"]
[White "Novikov, Igor A"]
[Black "Yakovich, Yuri"]
[Result "1/2-1/2"]
[WhiteElo "2545"]
[BlackElo "2530"]

1.d4 d5 2.c4 dxc4 3.Nf3 a6 4.e3 Nf6 5.Bxc4 e6 6.O-O c5 7.a4 Nc6 8.Qe2 cxd4
9.Rd1 Be7 10.exd4 O-O 11.Nc3 Nd5 12.Qe4 Nf6 13.Qe2 Nd5 14.Qe4 Nf6 15.Qe2  1/2-1/2

[Event "Benidorm op"]
[Site "Benidorm"]
[Date "1991.??.??"]
[Round "5"]
[White "Clement Gomez, Jose A"]
[Black "Westerinen, Heikki MJ"]
[Result "0-1"]
[WhiteElo "2275"]
[BlackElo "2410"]

1.d4 d5 2.c4 dxc4 3.Nf3 a6 4.e3 e6 5.Bxc4 Nf6 6.O-O c5 7.a4 Nc6 8.Qe2 cxd4
9.Rd1 Qb6 10.exd4 Na5 11.Nbd2 Bb4 12.Bd3 Bxd2 13.Bxd2 Nb3 14.a5 Qd6 15.Ra3 Nxd2
16.Nxd2 Bd7 17.Nc4 Qe7 18.Qe5 Bc6 19.Nd6+ Kf8 20.Re1 Nd5 21.Bc4 Rd8 22.Ne4 Qb4
23.Nc5 Qxc4 24.Nxe6+ fxe6 25.Rf3+ Nf6 26.Rxf6+ gxf6 27.Qxf6+ Ke8 28.Qxh8+ Kd7
29.Qxh7+ Kc8 30.Qg6 Rxd4 31.h3 Be4 32.Qg8+ Rd8 33.Qf7 Bd5 34.Re3 Qc1+ 35.Kh2 Qxb2
36.Qe7 Rg8 37.Rg3 Rxg3 38.Qc5+ Kd7 39.Kxg3 Qg7+  0-1

[Event "Honved"]
[Site "Budapest"]
[Date "1991.??.??"]
[Round "?"]
[White "Stefansson, Hannes"]
[Black "Baburin, Alexander"]
[Result "0-1"]
[WhiteElo "2470"]
[BlackElo "2480"]

1.d4 d5 2.c4 dxc4 3.Nf3 a6 4.a4 Nf6 5.e3 Bg4 6.Bxc4 e6 7.h3 Bh5 8.Nc3 Nc6
9.O-O Bb4 10.g4 Bg6 11.Nh4 Bxc3 12.bxc3 Ne4 13.Nxg6 hxg6 14.Kg2 Qh4 15.Qf3 O-O-O
16.Rh1 f5 17.Bxe6+ Kb8 18.gxf5 Rh5 19.Qf4 Rg5+ 20.Kf3 Qxf2+ 21.Kxe4 Qc2+  0-1

[Event "Autoteam"]
[Site "Budapest"]
[Date "1991.??.??"]
[Round "3"]
[White "Lukacs, Peter"]
[Black "Mueller, Karsten"]
[Result "1/2-1/2"]
[WhiteElo "2500"]
[BlackElo "2425"]

1.d4 d5 2.c4 dxc4 3.Nf3 a6 4.e3 e6 5.Bxc4 Nf6 6.O-O c5 7.Bd3 Nc6 8.Nc3 Qc7
9.a3 Be7 10.dxc5 Bxc5 11.b4 Be7 12.Bb2 O-O 13.Ne4 Nxe4 14.Bxe4 Bd7 15.Rc1 Rad8
16.Ne5 Bf6 17.Rc5 h6 18.Qh5 Be8 19.Nxc6 Bxb2 20.Nxd8 Qxd8 21.Bxb7 Qb6 22.Qe2 Bb5
23.Qxb2 Bxf1 24.Kxf1 Qxb7 25.Qd4 Qb8 26.Qe5 Qd8 27.g3 Qd3+ 28.Kg2  1/2-1/2

[Event "Spring op"]
[Site "Budapest"]
[Date "1991.??.??"]
[Round "7"]
[White "Lazarev, Vladimir"]
[Black "Baburin, Alexander"]
[Result "1/2-1/2"]
[WhiteElo "2405"]
[BlackElo "2470"]

1.d4 d5 2.c4 dxc4 3.Nf3 a6 4.e4 b5 5.a4 Bb7 6.axb5 axb5 7.Rxa8 Bxa8 8.Nc3 e6
9.Bg5 Be7 10.Qa1 Nd7 11.Nxb5 Bxe4 12.Bf4 Bxf3 13.gxf3 Bb4+ 14.Ke2 e5 15.dxe5 Nc5
16.Qa8 Qxa8 17.Nxc7+ Kd7 18.Nxa8 Kc6 19.Bg2 Ne7 20.Ra1 Nd5 21.Be3 Nb3 22.Rd1 Rxa8
23.Rxd5 Ra2 24.f4 Kc7  1/2-1/2

[Event "Budapest"]
[Site "Budapest"]
[Date "1991.??.??"]
[Round "11"]
[White "Novikov, Igor A"]
[Black "Afek, Yochanan"]
[Result "1-0"]
[WhiteElo "2545"]
[BlackElo "2325"]

1.d4 d5 2.c4 dxc4 3.Nf3 c5 4.d5 e6 5.Nc3 exd5 6.Qxd5 Qxd5 7.Nxd5 Na6 8.e4 Ne7
9.Bxc4 Nxd5 10.exd5 Bd6 11.O-O O-O 12.Nd2 Bf5 13.Bxa6 bxa6 14.Nc4 Rfd8 15.Rd1 Bc2
16.Rd2 Bg6 17.b3 f6 18.g3 Rd7 19.Ba3 Rad8 20.f3 Bf7 21.Rad1 Bf8 22.Ne3 a5
23.Kf2 a4 24.bxa4 c4 25.Bxf8 Kxf8 26.a3 c3 27.Rc2 Bxd5 28.Rxc3 Bb7 29.Rxd7 Rxd7
30.g4 Ke7 31.Nf5+ Kd8 32.Ke3 g6 33.Nd4 Re7+ 34.Kf4 Kd7 35.h4 Re5 36.Nb5 Bc6
37.Rd3+ Ke7 38.Nxa7 Bd7 39.Rd4 Ra5 40.Nb5 Bxb5 41.axb5 Rxb5 42.Ra4 h5 43.Ra7+ Ke6
44.Ra6+ Kf7 45.gxh5 gxh5 46.Ra4 Rb3 47.Ke4 Kg6 48.f4 Rh3 49.f5+ Kg7 50.Ra7+ Kh6
51.Kd5 Re3 52.Ra4 Re5+ 53.Kc6 Rxf5 54.Rb4 Re5 55.a4 f5 56.Rc4 Kg6 57.Kb6 Re6+
58.Kb5 Re5+ 59.Kb4 Re1 60.a5 Rb1+ 61.Kc5 Ra1  1-0

[Event "Calcutta"]
[Site "Calcutta"]
[Date "1991.??.??"]
[Round "?"]
[White "Shneider, Aleksandr"]
[Black "Ye Rongguang"]
[Result "1-0"]
[WhiteElo "2555"]
[BlackElo "2545"]

1.d4 d5 2.Nf3 c5 3.c4 dxc4 4.d5 e6 5.Nc3 exd5 6.Qxd5 Qxd5 7.Nxd5 Bd6 8.Nd2 Ne7
9.Nxc4 Nxd5 10.Nxd6+ Ke7 11.Nxc8+ Rxc8 12.Bd2 Nc6 13.O-O-O Rd8 14.e4 Nc7
15.Be2 Nd4 16.Rhe1 Nxe2+ 17.Rxe2 b6 18.Bg5+ f6 19.Be3 Rxd1+ 20.Kxd1 Na6 21.a3 Nb8
22.Kc2 Nc6 23.Rd2 g5 24.f4 gxf4 25.Bxf4 Nd4+ 26.Kc3 Rc8 27.a4 Re8 28.Kc4 Kf7
29.Kd5 f5 30.exf5 Nxf5 31.a5 Re1 32.Bc7 Ne7+ 33.Kd6 Nf5+ 34.Kc6 Nd4+ 35.Kd5 Re6
36.b4 Rf6 37.Be5 Rf5 38.bxc5 bxc5 39.Rb2 Kg6 40.Rb7 Nc2 41.g4 Nb4+ 42.Kd6 Rg5
43.Rg7+ Kh6 44.Bf4 Kxg7 45.Bxg5 c4 46.Kc5 Kg6 47.Bd2 Nd3+ 48.Kxc4 Ne5+ 49.Kb5 Nxg4
50.Ka6 Nxh2 51.Kxa7 Nf3 52.Kb7 Nd4 53.a6 Nb5 54.Kb6 Nd6 55.Bf4  1-0

[Event "Cappelle op"]
[Site "Cappelle la Grande"]
[Date "1991.??.??"]
[Round "7"]
[White "Tibensky, Robert"]
[Black "Sadler, Matthew"]
[Result "0-1"]
[WhiteElo "2385"]
[BlackElo "2440"]

1.d4 d5 2.c4 dxc4 3.Nf3 a6 4.a4 Nf6 5.e3 e6 6.Bxc4 c5 7.O-O Nc6 8.Qe2 cxd4
9.Rd1 Be7 10.exd4 O-O 11.Nc3 Nd5 12.Qe4 Ncb4 13.Ne5 Bf6 14.Bd2 b6 15.Ne2 Ra7
16.Ra3 Rc7 17.Rh3 g6 18.Bb3 Bg7 19.Nc3 Nxc3 20.bxc3 Nd5 21.c4 Nf6 22.Qf4 Nh5
23.Qe3 Qd6 24.Bc3 Bb7 25.Qd2 a5 26.Rd3 Rcc8 27.f3 Ba6 28.Qe3 Nf6 29.R3d2 Rfe8
30.Qf4 Bxc4 31.Bc2 Bd5 32.Bb2 Red8 33.Rb1 Qf8 34.Qe3 Bh6 35.f4 Qe7 36.g4 Bg7
37.f5 exf5 38.gxf5 Ba8 39.Bb3 Nd5 40.Qg3 Bh6 41.Rg2 Bf4 42.Qg4 Bxe5 43.dxe5 Ne3
44.Qh5 Nxf5 45.Rxg6+ hxg6 46.Qxg6+ Ng7 47.Ba3 Qxa3  0-1

[Event "Copenhagen op"]
[Site "Copenhagen"]
[Date "1991.??.??"]
[Round "7"]
[White "Olesen, Martin"]
[Black "Christensen, Tobias"]
[Result "1/2-1/2"]
[WhiteElo "2250"]
[BlackElo "2300"]

1.d4 d5 2.Nf3 c5 3.c4 dxc4 4.e4 cxd4 5.Bxc4 Nc6 6.O-O e6 7.Nbd2 Nf6 8.e5 Nd7
9.Re1 Qc7 10.Qe2 Nb6 11.Bb3 Bd7 12.Ne4 d3 13.Qxd3 Nxe5 14.Nxe5 Qxe5 15.Bg5 Qb5
16.Qg3 h6 17.a4 Qf5 18.Qd3 hxg5 19.Nd6+ Bxd6 20.Qxf5 Bxh2+ 21.Kf1 Bf4 22.Qd3 O-O-O
23.Qc3+ Bc6 24.Red1 Nd7 25.Qxg7 Rdf8 26.Qd4 a6 27.Bc2 Be5 28.Qc4 Rh4 29.Qd3 Rh2
30.Qe3 Bf4 31.Qd4 Be5 32.Qe3 Bf4 33.Qd4 Be5 34.Qc4 Rh4 35.Qd3 Rh2 36.Qc4 Rh4
37.Qd3 Rh2 38.Qe3 Bf4 39.Qd4  1/2-1/2

[Event "Elgoibar"]
[Site "Elgoibar"]
[Date "1991.??.??"]
[Round "2"]
[White "Cruz Lopez Claret, Carlos"]
[Black "Garcia Palermo, Carlos"]
[Result "1/2-1/2"]
[WhiteElo "2275"]
[BlackElo "2455"]

1.d4 d5 2.c4 dxc4 3.Nf3 a6 4.e4 b5 5.a4 Bb7 6.axb5 axb5 7.Rxa8 Bxa8 8.Nc3 c6
9.Bg5 Qa5 10.Be2 e6 11.O-O Bb4 12.Qa1 Bb7 13.Qxa5 Bxa5 14.Ra1 Bb6 15.e5 Ne7
16.Ne4 Nc8 17.Bd2 Nd7 18.Bb4 f6 19.exf6 gxf6 20.Re1 Rg8 21.Bd1 Kf7 22.b3 Bd8  1/2-1/2

[Event "Peer Gynt"]
[Site "Gausdal"]
[Date "1991.??.??"]
[Round "8"]
[White "Khenkin, Igor"]
[Black "Westerinen, Heikki MJ"]
[Result "1-0"]
[WhiteElo "2495"]
[BlackElo "2420"]

1.d4 d5 2.Nf3 c5 3.c4 dxc4 4.d5 e6 5.Nc3 exd5 6.Qxd5 Qxd5 7.Nxd5 Na6 8.e4 Nf6
9.Bf4 Nxd5 10.exd5 Bg4 11.O-O-O O-O-O 12.d6 h5 13.Bxc4 g5 14.Nxg5 Bxd1 15.Nxf7 Bg4
16.f3 Bf5 17.Nxh8 Bxd6 18.Bxd6 Rxd6 19.Rd1 Rxd1+ 20.Kxd1 Nb4 21.Kd2 Kd7 22.Nf7 a6
23.g4 b5 24.gxf5 bxc4 25.Ne5+ Ke7 26.a3 Nd5 27.Nxc4 Kf6 28.Ne3 Nf4 29.Kc3 Ne2+
30.Kd3 Ng1 31.Ke4 Nh3 32.Nd5+ Kf7 33.Ke3 Ng5 34.f4 Nh7 35.Ke4 Nf8 36.Ke5 Nd7+
37.Kd6  1-0

[Event "BL2-N9091"]
[Site "Germany"]
[Date "1991.??.??"]
[Round "?"]
[White "Federau, Juergen"]
[Black "Lingnau, Carsten"]
[Result "1-0"]
[WhiteElo "2305"]
[BlackElo "2230"]

1.d4 d5 2.c4 dxc4 3.Nf3 a6 4.a4 Nf6 5.e3 e6 6.Bxc4 c5 7.O-O Nc6 8.Qe2 Qc7
9.Nc3 Be7 10.Rd1 O-O 11.dxc5 Bxc5 12.h3 Nd7 13.Ba2 b6 14.Bb1 Nde5 15.Nxe5 Nxe5
16.Qc2 f5 17.Ba2 Qe7 18.Ne2 Kh8 19.Nf4 Bd7 20.Bd2 Rac8 21.Bc3 Bb4 22.Bxb4 Qxb4
23.Qb3 Qxb3 24.Bxb3 Rc6 25.Nd3 Nxd3 26.Rxd3 Be8 27.Rad1 Bh5 28.Rd8 Kg8 29.R8d6 Bxd1
30.Bxe6+ Kh8 31.Rxc6 Rb8 32.a5 bxa5 33.Bxf5 g6 34.Rc8+ Rxc8 35.Bxc8 Be2 36.f4 Kg7
37.e4 Kf7 38.Kf2 Bb5 39.Ke3 Ke7 40.Kd4 h5 41.h4 Kd8 42.Be6 Ke7 43.Bc4 Kd6
44.Bf7  1-0

[Event "Groningen op"]
[Site "Groningen"]
[Date "1991.??.??"]
[Round "6"]
[White "Malisauskas, Vidmantas"]
[Black "Gelpke, Peter"]
[Result "1-0"]
[WhiteElo "2495"]
[BlackElo "2385"]

1.d4 d5 2.c4 dxc4 3.Nf3 a6 4.e3 Nf6 5.Bxc4 e6 6.O-O c5 7.b3 Nc6 8.Bb2 cxd4
9.exd4 Be7 10.Ne5 Nb4 11.Nc3 O-O 12.a3 Nbd5 13.Nxd5 Nxd5 14.Qf3 Nf6 15.Rad1 Qc7
16.a4 Rb8 17.Rc1 Qd6 18.Rfe1 b5 19.axb5 axb5 20.Bd3 Bb7 21.Qh3 Bd5 22.Rc5 b4
23.Bc1 g6 24.Bg5 Nh5 25.Bxe7 Qxe7 26.Qe3 Rfd8 27.Bc4 Qb7 28.Rb5 Qc7 29.Rxb8 Rxb8
30.Bxd5 exd5 31.Rc1 Qb7 32.Nc6 Ra8 33.h3 Kg7 34.Qe5+ Nf6 35.Ne7 Ra6 36.Rc7 Qb5
37.Qg5 Qd3 38.Nc6 Ra1+ 39.Kh2 Qc2 40.Qe5 Qe4 41.Nd8 Qxe5+ 42.dxe5 Ne4 43.Rxf7+ Kg8
44.e6 Re1 45.e7 Nd2 46.g3  1-0

[Event "Groningen op"]
[Site "Groningen"]
[Date "1991.??.??"]
[Round "7"]
[White "Vaisser, Anatoli"]
[Black "Afek, Yochanan"]
[Result "1-0"]
[WhiteElo "2565"]
[BlackElo "2325"]

1.d4 d5 2.c4 dxc4 3.Nf3 c5 4.d5 e6 5.Nc3 exd5 6.Qxd5 Qxd5 7.Nxd5 Na6 8.e4 Ne7
9.Ne3 Nc7 10.Nxc4 Nc6 11.Bf4 Nb5 12.Ne3 Nbd4 13.Nd5 Ne6 14.Be3 Bd7 15.O-O-O O-O-O
16.Bb5 f6 17.Rd2 Ne7 18.Bc4 Nxd5 19.exd5 Nc7 20.d6 Na6 21.Bxa6 bxa6 22.Bxc5 Bc6
23.Re1 g6 24.Re6 Bxf3 25.gxf3 f5 26.Bxa7 Kd7 27.Rf6 Bh6 28.Rf7+ Ke8 29.Re7+ Kf8
30.Be3 Rxd6 31.Rc7  1-0

[Event "Groningen op"]
[Site "Groningen"]
[Date "1991.??.??"]
[Round "8"]
[White "Lalic, Bogdan"]
[Black "Gelpke, Peter"]
[Result "1/2-1/2"]
[WhiteElo "2510"]
[BlackElo "2385"]

1.d4 d5 2.c4 dxc4 3.Nf3 a6 4.e3 Nf6 5.Bxc4 e6 6.O-O c5 7.a4 Nc6 8.Qe2 Qc7
9.Nc3 Bd6 10.Rd1 O-O 11.h3 b6 12.Bd2 Bb7 13.d5 exd5 14.Nxd5 Nxd5 15.Bxd5 Nd4
16.Nxd4 Bxd5 17.Nf5 Be5 18.Bc3 Bb3 19.Rdc1 Rfe8 20.e4 f6  1/2-1/2

[Event "Hastings Challengers9192"]
[Site "Hastings"]
[Date "1991.??.??"]
[Round "?"]
[White "Cooper, John Grantley"]
[Black "Sadler, Matthew"]
[Result "0-1"]
[WhiteElo "2370"]
[BlackElo "2480"]

1.d4 d5 2.c4 dxc4 3.Nf3 a6 4.e3 Nf6 5.Bxc4 e6 6.O-O c5 7.a4 Nc6 8.Qe2 cxd4
9.Rd1 Be7 10.exd4 O-O 11.Nc3 Nd5 12.Qe4 Ncb4 13.Ne5 Bf6 14.Qe2 b6 15.Ne4 Be7
16.Ra3 f6 17.Rh3 fxe5 18.Qh5 h6 19.Bxh6 Rf5 20.Qg6 Qf8 21.Bg5 Bxg5 22.Nxg5 Rxg5
23.Qxg5 e4 24.Re1 Nf6 25.f3 Nd3 26.Rf1 Qd6 27.Qe3 Nf4 28.Rg3 N4d5 29.Qg5 Ra7
30.fxe4 Nxe4 31.Qg6 Nxg3 32.Qe8+ Kh7 33.hxg3 g6 34.Qxc8 Rc7 35.Qe8 Nf6 36.Qxe6 Qxd4+
37.Kh1 Rxc4 38.Rxf6 Rc1+ 39.Kh2 Qg1+ 40.Kh3 Qh1+ 41.Kg4 Qh5+ 42.Kf4 Rf1+  0-1

[Event "Hastings Challengers9192"]
[Site "Hastings"]
[Date "1991.??.??"]
[Round "?"]
[White "Hebden, Mark"]
[Black "Sadler, Matthew"]
[Result "0-1"]
[WhiteElo "2485"]
[BlackElo "2480"]

1.d4 d5 2.c4 dxc4 3.Nf3 a6 4.e3 Nf6 5.Bxc4 e6 6.O-O c5 7.a3 b5 8.Ba2 Bb7
9.Nc3 Nbd7 10.Qe2 Qb6 11.Rd1 Rd8 12.e4 cxd4 13.Nxd4 Ne5 14.Bf4 Ng6 15.Be3 Bc5
16.Nc2 O-O 17.Bxc5 Qxc5 18.g3 Ne5 19.Rac1 a5 20.Ne3 Rxd1+ 21.Qxd1 Qb6 22.Bb1 Rc8
23.b4 axb4 24.axb4 g6 25.h3 Kg7 26.Rc2 Rd8 27.Qe2 Nxe4 28.Ng4 Nxg4 29.Nxe4 Bxe4
30.Qxe4 Rd1+ 31.Kg2 Nf6 32.Qe5 Qb7+ 33.f3 Rxb1 34.Rd2 Qa7  0-1